00827nam a22002177a 450000100060000000300080000600500170001400800410003103500190007204000350009104100080012608200260013410000260016024501550018626000710034130000390041250200790045150400320053065000120056270000350057480713BD-RjUL20221103175007.0221103s2003 bg a|||| m||| 00| 0 eng d a(BD-RjUL)80713 aBD-RjULbengcBD-RjULdBD-RjUL aeng 223a546.721bALS 2003 aAlam, Mohammad. Sayed10aSynthesis of some oxygenated flavones and studies of their Biological Activities /cSubmitted By Mohammad. Sayed Alam ;6Supervisor : M. A. Jalil Miah aRajshahi :bDepartment of Chemistry, University of Rajshahi,c2003 a[10], 188 leaves :bill, ;c29.cm. aThesis (M. Phil.) -- Department of Chemistry, University of Rajshahi, 2003 aReferences : Leaves 94 - 97 aOxygen  aMiah, M. A. Jalil, Supervisor